000 00804cam a2200205 4500
001 ABS61637
008 000000n1999 000 0 eng u
035 _a(Sirsi) u103318
100 _aMinogue, A.
245 _aDeconstructing privity
260 _c1999
490 _aEstates Gazette
_v (9948) 4 December 1999, 144-145(2)
520 _aConsiders the implications the Contracts (Rights of Third Parties) Act 1999 will have on construction contracts. It partially ends privity of contract, whereby only parties to the contract can enforce any rights to it.
590 _aABS
650 _aCONTRACTS (RIGHTS OF THIRD PARTIES) ACT 1999
650 _aBUILT ENVIRONMENT-BUILDING CONTRACT FORMS
650 _aPRIVITY OF CONTRACT
690 _aBUILT ENVIRONMENT-BUILDING CONTRACT FORMS
942 _n0
999 _c62095
_d62095